Catálogo

Guía de tratados promulgados y otros instrumentos internacionales vigentes suscritos por México / (Registro nro. 45927)

Detalles MARC
000 -LEADER
fixed length control field 01280cam a2200301 i 4500
001 - CONTROL NUMBER
control field 45927
003 - CONTROL NUMBER IDENTIFIER
control field Mx-PuUPA
005 - DATE AND TIME OF LATEST TRANSACTION
control field 20211126125416.0
008 - FIXED-LENGTH DATA ELEMENTS--GENERAL INFORMATION
fixed length control field 140415s2003 sp gr 001 0 spa d
040 ## - CATALOGING SOURCE
Original cataloging agency MX-PuUPA
Language of cataloging spa
Description conventions rda
Transcribing agency Mx-PuUPA
Modifying agency Mx-PuUPA
041 0# - LANGUAGE CODE
Language code of text/sound track or separate title spa
110 1# - MAIN ENTRY--CORPORATE NAME
Corporate name or jurisdiction name as entry element Mexico.
Subordinate unit Secretaría de Gobernación,
Relator term autor
9 (RLIN) 4423
245 10 - TITLE STATEMENT
Title Guía de tratados promulgados y otros instrumentos internacionales vigentes suscritos por México /
Statement of responsibility, etc. coordinador general, Eduardo Castellanos Hernández ; coordinadores de la investigación documental, Carlos Moguel Contreras ; autores de la investigación documental, Ernesto Reyes Cadena [y otros dos].
250 ## - EDITION STATEMENT
Edition statement Primera edición
264 #1 - PRODUCTION, PUBLICATION, DISTRIBUTION, MANUFACTURE, AND COPYRIGHT NOTICE
Place of production, publication, distribution, manufacture México, D. F. :
Name of producer, publisher, distributor, manufacturer Secretaria de Gobernación,
Date of production, publication, distribution, manufacture, or copyright notice 2003
300 ## - PHYSICAL DESCRIPTION
Extent 490 páginas ;
Dimensions 23 cm.
336 ## - CONTENT TYPE
Content type term texto
Fuente rdacontent
Content type code txt
337 ## - MEDIA TYPE
Media type term sin medio
Source rdamedia
Media type code n
338 ## - CARRIER TYPE
Carrier type term volumen
Source rdacarrier
Carrier type code nc
650 #7 - SUBJECT ADDED ENTRY--TOPICAL TERM
Topical term or geographic name entry element Tratados
Source of heading or term armarc
650 #7 - SUBJECT ADDED ENTRY--TOPICAL TERM
Topical term or geographic name entry element Tratados comerciales
Source of heading or term armarc
700 1# - ADDED ENTRY--PERSONAL NAME
Personal name Castellanos Hernández, Eduardo de Jesús,
Relator term editor
9 (RLIN) 5339
700 1# - ADDED ENTRY--PERSONAL NAME
Personal name Moguel Contreras, Carlos,
Relator term editor
700 1# - ADDED ENTRY--PERSONAL NAME
Personal name Reyes Cadena, Ernesto,
Relator term Autor de investigación
942 ## - ADDED ENTRY ELEMENTS (KOHA)
Classification part 341.37
Item part G943
Koha item type Libro
Source of classification or shelving scheme Dewey Decimal Classification
Existencias
Withdrawn status Lost status Source of classification or shelving scheme Damaged status Not for loan Collection code Home library Current library Shelving location Date acquired Source of acquisition Full call number Barcode Date last seen Price effective from Koha item type
    Dewey Decimal Classification     Referencia Biblioteca Karol Wojtyla Biblioteca Karol Wojtyla Área de silencio 03/12/2013 Compra 341.37 G943 2003 68914 05/01/2026 21/02/2018 Libro R